| 000 | 00357nam a2200145Ia 4500 | ||
|---|---|---|---|
| 008 | 191201s2003 xx 000 0 und d | ||
| 082 |
_a537 _bNAE |
||
| 100 | _aRAO, Narayana Nannapanent | ||
| 245 | 0 | _aElements of Engineering Electromagnetics | |
| 250 | _a5th | ||
| 260 |
_aN.Delhi _bPHI _c2003 |
||
| 300 | _a788 | ||
| 650 | _aB.Tech(ECE) | ||
| 942 |
_2ddc _cBK |
||
| 999 |
_c1647 _d1647 |
||